000
00219 a2200097 4500
001
7451
100
_a
Mclavney, W.J
245
_a
Management training : cases and principles
260
_a
_b
Irwin
_c
090
_c
5989
_d
5989
942
_a
NUST-CAE
_c
_c
32476
999
_c
242524
_d
242524